20 Biggest Cities in Canada - Statistics

General Stats
  • This quiz has been taken 58 times
  • The average score is 12 of 20
Answer Stats
Answer % Correct
Toronto
100%
Montreal
98%
Vancouver
98%
Edmonton
96%
Ottawa
96%
Calgary
94%
Quebec City
88%
Winnipeg
79%
Halifax
75%
Saskatoon
71%
London
69%
Hamilton
65%
Brampton
33%
Kitchener
33%
Laval
27%
Surrey
23%
Gatineau
15%
Vaughan
13%
Markham
12%
Mississagua
12%
No matching quizzes found
Score Distribution
Percent of People with Each Score
Percentile by Number Answered
Your Score History
You have not taken this quiz